|
|
|
|
| LEADER |
01534nam a22003614a 4500 |
| 001 |
EBC3398615 |
| 003 |
MiAaPQ |
| 005 |
20200520144314.0 |
| 006 |
m o d | |
| 007 |
cr cn||||||||| |
| 008 |
050209s2005 inua sbs 001 0 eng |
| 010 |
|
|
|z 2005003720
|
| 020 |
|
|
|z 1557533431 (alk. paper)
|
| 035 |
|
|
|a (MiAaPQ)EBC3398615
|
| 035 |
|
|
|a (Au-PeEL)EBL3398615
|
| 035 |
|
|
|a (CaPaEBR)ebr10091246
|
| 035 |
|
|
|a (OCoLC)923339881
|
| 040 |
|
|
|a MiAaPQ
|c MiAaPQ
|d MiAaPQ
|
| 043 |
|
|
|a n-us---
|
| 050 |
|
4 |
|a HC106.5
|b .K69 2005
|
| 082 |
0 |
4 |
|a 330.973/092
|2 22
|
| 100 |
1 |
|
|a Kozmetsky, George.
|
| 245 |
1 |
4 |
|a The economic transformation of the United States, 1950-2000
|h [electronic resource] :
|b focusing on the technological revolution, the service sector expansion, and the cultural, ideological, and demographic changes /
|c George Kozmetsky and Piyu Yue.
|
| 260 |
|
|
|a West Lafayette, Ind. :
|b Purdue University Press,
|c c2005.
|
| 300 |
|
|
|a xxv, 493 p. :
|b ill.
|
| 504 |
|
|
|a Includes bibliographical references (p. 485-488) and index.
|
| 533 |
|
|
|a Electronic reproduction. Ann Arbor, MI : ProQuest, 2015. Available via World Wide Web. Access may be limited to ProQuest affiliated libraries.
|
| 651 |
|
0 |
|a United States
|x Economic conditions
|y 20th century.
|
| 651 |
|
0 |
|a United States
|x Economic conditions
|y 20th century
|v Statistics.
|
| 655 |
|
4 |
|a Electronic books.
|
| 700 |
1 |
|
|a Yue, Piyu.
|
| 710 |
2 |
|
|a ProQuest (Firm)
|
| 856 |
4 |
0 |
|u https://ebookcentral.proquest.com/lib/matrademy/detail.action?docID=3398615
|z Click to View
|